[Event "GER-chT School WK H+R"]
[Site "Playchess.com INT"]
[Date "2020.06.10"]
[Round "3.4"]
[White "Sayfadin, Yasin"]
[Black "Klages, Lea"]
[Result "0-1"]
[WhiteElo "1653"]
[BlackElo "1558"]
[PlyCount "104"]
[EventDate "2020.06.10"]
[EventType "team-swiss (blitz)"]
[EventRounds "7"]
[EventCountry "GER"]
[SourceTitle "EXT 2021"]
[Source "ChessBase"]
[SourceDate "2020.10.23"]
[SourceVersion "1"]
[SourceVersionDate "2020.10.23"]
[SourceQuality "1"]
[WhiteTeam "Fuerth HBS"]
[BlackTeam "Pfullingen Hauff Realschule"]
[WhiteTeamCountry "GER"]
[BlackTeamCountry "GER"]

1. e4 e6 2. Nf3 d5 3. d3 dxe4 4. Ne5 c6 5. Be2 Qa5+ 6. Bd2 Qxe5 7. 0-0 Qxb2 8. Nc3 exd3 9. cxd3 Qa3 10. Ne4 b6 11. Bc1 Qa5 12. Nd6+ Bxd6 13. Bd2 Qe5 14. g3 Bb7 15. Bf4 Qd4 16. Bxd6 Qxd6 17. Bf3 Nf6 18. Rc1 0-0 19. Qc2 Nd5 20. d4 Ba6 21. Rfe1 Nd7 22. Be4 g6 23. Bd3 Bxd3 24. Qxd3 c5 25. dxc5 Nxc5 26. Qd4 Rac8 27. a3 Nb3 28. Rxc8 Nxd4 29. Rxf8+ Qxf8 30. Rd1 Nf3+ 31. Kg2 Ne5 32. f4 Ng4 33. h3 Nge3+ 34. Kf3 Nxd1 35. g4 Qxa3+ 36. Ke4 N5c3+ 37. Kd4 Qc5+ 38. Kd3 Nf2+ 39. Kc2 Nxh3 40. f5 exf5 41. gxf5 gxf5 42. Kb3 f4 43. Kb2 f3 44. Kc2 Nd5+ 45. Kd2 Qb5 46. Ke1 f2+ 47. Kd2 f1Q 48. Kc2 Qf2+ 49. Kc1 Qbc5+ 50. Kd1 Qf1+ 51. Kd2 Qf4+ 52. Kd3 Qcc4# 0-1